=LDR 00000nam 2200000 4500 =001 INLIS000000000036718 =005 20130612142504 =008 ***********************************ind** =035 ##$$0010-061300000036718 =041 ##$$a ind =082 ##$$a 634.507 =090 ##$$a 634.507, Dav l =100 ##$$a Shearer, David =245 ##$$a Laporan Akhir, Potendi Markisa Di Kawasan Timur Indonesia =650 ##$$a Laporan Akhir =850 ##$$a NBPNMAT =990 ##$$a 85008500 =990 ##$$a 01201808500 =990 ##$$a 31011505